Statystyki dla Kość miednicza

Kliknij tutaj aby rozwiązać quiz!

Ogólne statystyki

  • Ten quiz został rozwiązany 12 razy
  • Średni wynik to 13 z 37

Statystyki odpowiedzi

Odpowiedź% Poprawnych
guz kulszowy
75%
gałąź kości kulszowej
50%
grzebień biodrowy
50%
guzek
50%
kolec biodrowy przedni dolny
50%
kolec biodrowy przedni górny
50%
kolec biodrowy tylny dolny
50%
kolec biodrowy tylny górny
50%
kolec kulszowy
50%
kresa łukowata
50%
kresa pośrednia
50%
otwór zasłoniony
50%
trzon kości biodrowej
50%
trzon kości kulszowej
50%
wcięcie kulszowe mniejsze
50%
wcięcie kulszowe większe
50%
wcięcie panewki
50%
wyniosłość biodrowo-łonowa
50%
grzebień zasłony
25%
guzek łonowy
25%
guzowatość biodrowa
25%
kresa pośladowa dolna
25%
kresa pośladowa przednia
25%
kresa pośladowa tylnia
25%
kresy pośladowe
25%
panewka stawu biodrowego
25%
powierzchnia księżycowata
25%
powierzchnia uchowata
25%
rąbek panewki
25%
talerz kości biodrowej
25%
warga wewnętrzna
25%
warga zewnętrzna
25%
bruzda zasłonowa
0%
gałąź dolna kości łonowej
0%
gałąź górna kości łonowej
0%
grzebień kości łonowej
0%
powierzchnia spojeniowa
0%

Rozkład punktacji

Percentyl według liczby udzielonych odpowiedzi

Procent ludzi z każdym wynikiem

Twoja historia wyników

Nie rozwiązałeś tego quizu